000 00498nam a2200193Ia 4500
003 GCL
008 140319s9999 xx 000 0 eng d
040 _aGCL /
_cGCL
082 0 4 _a759
_bN M
100 1 _aNABAWI ASSHAL, MAHMOUD
245 1 0 _aMAHMOUD SAID (1897-1964) /
_cNABAWI ASSHAL, MAHMOUD
260 _a[S.N] :
_bMINISTERE DE LA CULTURE ،
_c1984
650 0 4 _aARTS
650 0 4 _aPAINTING
650 0 4 _aPAINTERS
650 0 4 _aMAHMOUD SAID
650 0 4 _aART, EGYPTIAN
942 _2ddc
_cBK
999 _c19057
_d19057